000 00637nam a2200229Ia 4500
003 OSt
005 20220928115522.0
006 a|||||r|||| 00| 0
007 ta
008 220927b |||||||| |||| 00| 0 eng d
024 _a50437
037 _cTextual
040 _aSDCL
_cSDCL
_beng
041 _2eng
_aeng
082 _aV52'E<-D5, M1
100 _aWickham Chris
_9444709
245 0 _aEarly Medieval Italy
_b Central power and local society 400-1000.
260 _aLondon
_bMacmillan
_c1981
300 _axi,238p.
_ccm.
942 _hV52'E<-D5, M1
_cTEXL
_2CC
999 _c759759
_d759759